000
00346 a2200157 4500
001
182884
020
_a
85-85851-86-4
040
_c
Magnum
100
_a
Vicente, Gil
240
1
0
_a
Farsa de inês pereira
_l
por
245
1
0
_a
Farsa de inês pereira
300
_a
132
362
0
_a
1999
697
_a
LITERATURA GERAL ESTRANGEIRA
942
_c
BK
999
_c
182884
_d
182884